000 00810nam a2200277 i 4500
001 7074
003 ES-MaACL
005 20230906145144.0
007 t|
008 900816s1989 sp ||||1| spa d
020 _a84-86780-05-5
080 _a655:621-52
080 _a621-52:655
100 1 _aWilson-Davies, Kirty.
_9117051
245 1 0 _aManual de autoedicion /
_cKirty Wilson-Davies, Joseph St. John Bate, Michael Barnard.
250 _a1a ed.
260 _aMadrid :
_bTellus,
_c1989.
300 _a147 p. ;
_c24 cm.
490 1 _aBiblioteca grafica
650 1 4 _aAutoedición.
_910428
700 1 _aBate, Joseph St. John.
_926410
700 1 _aBarnard, Michael.
_925706
830 0 _aBiblioteca grafica
_9227850
852 _aES-MaACL
_jL-14271
_bR.118221
_z. - cart.
999 _c7074
_d7074